[Event "Pinneberg-ch"]
[Site "Pinneberg"]
[Date "2017.09.14"]
[Round "2"]
[White "Schleu, Guenther"]
[Black "Schoppe, Gottfried"]
[Result "0-1"]
[WhiteElo "1074"]
[BlackElo "1495"]
[PlyCount "56"]
[EventDate "2017.09.07"]
[EventType "swiss"]
[EventRounds "7"]
[EventCountry "GER"]
[SourceTitle "EXT 2019"]
[Source "ChessBase"]
[SourceDate "2018.10.10"]
[SourceVersion "1"]
[SourceVersionDate "2018.10.10"]
[SourceQuality "1"]

1. d4 Nf6 2. Nf3 g6 3. Bf4 Bg7 4. e3 d6 5. Be2 0-0 6. 0-0 b6 7. Nbd2 Bb7 8. c3 Nbd7 9. Qc2 Rc8 10. Rac1 c5 11. Qb1 Re8 12. h3 a6 13. b3 b5 14. c4 Qa5 15. d5 Rb8 16. Rc2 Nb6 17. Bd3 bxc4 18. bxc4 Na4 19. Nb3 Qb4 20. e4 Nc3 21. Qa1 Nfxe4 22. Bxe4 Nxe4 23. Qd1 Bc8 24. Qd3 Bf5 25. Qe2 Nc3 26. Qd2 Bxc2 27. Qxc2 Qxc4 28. Bd2 Ne2+ 0-1

[Event "Pinneberg-ch"]
[Site "Pinneberg"]
[Date "2015.10.01"]
[Round "6"]
[White "Schleu, Guenther"]
[Black "Tornier, Siegfried"]
[Result "0-1"]
[WhiteElo "1074"]
[BlackElo "1497"]
[PlyCount "64"]
[EventDate "2015.08.28"]
[EventType "swiss"]
[EventRounds "7"]
[EventCountry "GER"]
[SourceTitle "EXT 2017"]
[Source "ChessBase"]
[SourceDate "2016.10.25"]
[SourceVersion "1"]
[SourceVersionDate "2016.10.25"]
[SourceQuality "1"]

1. d4 d5 2. Nf3 Nf6 3. Bf4 e6 4. h3 Nc6 5. Nbd2 Bd6 6. Ne5 Nxd4 7. e3 Nc6 8. Ndf3 Nxe5 9. Nxe5 0-0 10. Bd3 c5 11. 0-0 Qc7 12. c4 Bxe5 13. Bxe5 Qxe5 14. Qc2 dxc4 15. Bxc4 b6 16. Rad1 Bb7 17. Bd3 Rad8 18. Be2 Qg5 19. g3 g6 20. Kh2 Qe5 21. Bd3 Bf3 22. Be2 Bxe2 23. Qxe2 Rd5 24. f4 Qc7 25. Rxd5 Nxd5 26. Qf3 Ne7 27. e4 Rd8 28. Rf2 Nc6 29. e5 Nd4 30. Qe4 Qc6 31. Qd3 Qd5 32. b3 Nf5 0-1

[Event "Pinneberg-ch"]
[Site "Pinneberg"]
[Date "2015.09.24"]
[Round "5"]
[White "Schleu, Guenther"]
[Black "Schalk, Edgar"]
[Result "1-0"]
[WhiteElo "1074"]
[BlackElo "935"]
[PlyCount "109"]
[EventDate "2015.08.28"]
[EventType "swiss"]
[EventRounds "7"]
[EventCountry "GER"]
[SourceTitle "EXT 2017"]
[Source "ChessBase"]
[SourceDate "2016.10.25"]
[SourceVersion "1"]
[SourceVersionDate "2016.10.25"]
[SourceQuality "1"]

1. d4 d5 2. Nf3 Nc6 3. Bf4 Bf5 4. c3 e6 5. Nbd2 Nf6 6. h3 Bd6 7. Ne5 0-0 8. e3 Ne4 9. Be2 Qh4 10. Nxe4 Bxe4 11. Nf3 Qf6 12. Bxd6 cxd6 13. 0-0 Ne7 14. Nh2 Ng6 15. Qb3 Qg5 16. f3 Nh4 17. Ng4 Bf5 18. f4 Qg6 19. Qd1 h5 20. Rf2 hxg4 21. hxg4 Bxg4 22. Bxg4 f5 23. Bh3 e5 24. dxe5 dxe5 25. Qxd5+ Rf7 26. Qxe5 Kf8 27. Qb5 Re8 28. Qe2 Rfe7 29. Re1 Rxe3 30. Qxe3 Rxe3 31. Rxe3 Qb6 32. Ree2 Qd8 33. Kh2 Kf7 34. g3 Ng6 35. Bxf5 Qh8+ 36. Bh3 Ne7 37. Kg2 Nc6 38. Re3 Qd8 39. Bg4 Kf6 40. Bf3 Kf5 41. Rfe2 g5 42. Bxc6 bxc6 43. Re5+ Kg4 44. Rxg5+ Qxg5 45. fxg5 Kxg5 46. Kf3 a5 47. Re4 c5 48. g4 a4 49. Re5+ Kf6 50. Kf4 c4 51. g5+ Kg6 52. Re6+ Kh5 53. Kf5 Kh4 54. g6 Kh5 55. g7 1-0

[Event "Pinneberg op Seniors 16th"]
[Site "Pinneberg"]
[Date "2015.07.09"]
[Round "2"]
[White "Kock, Rudolf"]
[Black "Schleu, Guenther"]
[Result "1-0"]
[WhiteElo "1453"]
[BlackElo "1071"]
[PlyCount "71"]
[EventDate "2015.07.02"]
[EventType "swiss"]
[EventRounds "7"]
[EventCountry "GER"]
[SourceTitle "EXT 2017"]
[Source "ChessBase"]
[SourceDate "2016.10.25"]
[SourceVersion "1"]
[SourceVersionDate "2016.10.25"]
[SourceQuality "1"]

1. f4 Nf6 2. b3 g6 3. Bb2 Bg7 4. e4 0-0 5. e5 Nh5 6. g3 e6 7. Be2 Nxf4 8. gxf4 Qh4+ 9. Kf1 Qxf4+ 10. Nf3 Nc6 11. d4 b6 12. Qd2 Qf5 13. Ke1 Bb7 14. Rg1 Ne7 15. Rg5 Qh3 16. Rg3 Qf5 17. Nh4 Qe4 18. Ng2 Nf5 19. Nc3 Qc6 20. Bf3 d5 21. Rh3 Qd7 22. Be2 Rac8 23. Nd1 c5 24. c3 cxd4 25. cxd4 Rc7 26. Rc3 Rfc8 27. Rac1 Bh6 28. Nde3 Nxe3 29. Nxe3 Qe7 30. Rxc7 Rxc7 31. Rxc7 Qxc7 32. Ba3 Qd8 33. Kd1 Qg5 34. Nf1 Qh4 35. Qd3 Qe7 36. Bxe7 1-0

[Event "Pinneberg-ch"]
[Site "Pinneberg"]
[Date "2014.??.??"]
[Round "1"]
[White "Schleu, Guenther"]
[Black "Retzlaff, Wolfgang"]
[Result "0-1"]
[WhiteElo "1199"]
[BlackElo "1723"]
[PlyCount "48"]
[EventDate "2014.08.21"]
[EventType "swiss"]
[EventRounds "7"]
[EventCountry "GER"]
[SourceTitle "EXT 2017"]
[Source "ChessBase"]
[SourceDate "2016.10.25"]
[SourceVersion "1"]
[SourceVersionDate "2016.10.25"]
[SourceQuality "1"]

1. d4 Nf6 2. Nf3 g6 3. Bf4 Bg7 4. Nbd2 d5 5. e3 0-0 6. Bd3 Nh5 7. 0-0 Nc6 8. c3 Nxf4 9. exf4 Qd6 10. g3 e6 11. Re1 Ne7 12. Qc2 c5 13. b3 Bd7 14. Ne5 Rac8 15. Nxd7 Qxd7 16. Qb2 Qd6 17. Nf3 Rc7 18. Re2 Rfc8 19. Rc1 cxd4 20. c4 dxc4 21. Bxc4 b5 22. Rcc2 bxc4 23. Rxc4 Rxc4 24. bxc4 d3 0-1

[Event "Pinneberg op Seniors 15th"]
[Site "Pinneberg"]
[Date "2014.??.??"]
[Round "6"]
[White "Schulz, Hans"]
[Black "Schleu, Guenther"]
[Result "1/2-1/2"]
[WhiteElo "1379"]
[BlackElo "1226"]
[PlyCount "107"]
[EventDate "2014.07.03"]
[EventType "swiss"]
[EventRounds "7"]
[EventCountry "GER"]
[SourceTitle "EXT 2017"]
[Source "ChessBase"]
[SourceDate "2016.10.25"]
[SourceVersion "1"]
[SourceVersionDate "2016.10.25"]
[SourceQuality "1"]

1. Nf3 Nf6 2. d4 d5 3. c4 c6 4. g3 e6 5. Bg2 Be7 6. 0-0 Nbd7 7. Qc2 0-0 8. Bd2 a6 9. c5 b5 10. cxb6 Qxb6 11. Nc3 Bb7 12. a4 Rac8 13. a5 Qc7 14. Bf4 Bd6 15. Bxd6 Qxd6 16. Rfe1 c5 17. e3 cxd4 18. Nxd4 Ne4 19. Nxe4 dxe4 20. Qb1 Nf6 21. Rd1 Qe7 22. Ne2 Rc7 23. Nc3 Rfc8 24. Rc1 g6 25. Rc2 Qd6 26. Qe1 Qe5 27. Ra3 Bc6 28. Bf1 Bb7 29. h4 Ng4 30. Be2 Nf6 31. Qf1 Rc6 32. Kg2 Nd5 33. Qe1 Rc5 34. Bd1 Bc6 35. Nxd5 Bxd5 36. Rxc5 Rxc5 37. Rc3 Rxc3 38. Qxc3 Qxc3 39. bxc3 Bc4 40. g4 h6 41. f4 exf3+ 42. Kxf3 Kf8 43. Be2 Bxe2+ 44. Kxe2 Ke7 45. Kd3 Kd6 46. Kd4 e5+ 47. Kc4 f6 48. e4 Kc6 49. Kb4 Kd6 50. c4 Kc6 51. c5 Kc7 52. Kc4 Kc6 53. h5 g5 54. Kb4 1/2-1/2

[Event "Pinneberg-ch"]
[Site "Pinneberg"]
[Date "2014.??.??"]
[Round "5"]
[White "Sengbusch, Gerhard"]
[Black "Schleu, Guenther"]
[Result "1-0"]
[WhiteElo "1257"]
[BlackElo "1199"]
[PlyCount "93"]
[EventDate "2014.08.21"]
[EventType "swiss"]
[EventRounds "7"]
[EventCountry "GER"]
[SourceTitle "EXT 2017"]
[Source "ChessBase"]
[SourceDate "2016.10.25"]
[SourceVersion "1"]
[SourceVersionDate "2016.10.25"]
[SourceQuality "1"]

1. e4 c5 2. Nc3 e6 3. Nf3 a6 4. a3 Nc6 5. Bc4 Be7 6. d3 Nf6 7. h3 0-0 8. 0-0 b5 9. Ba2 Bb7 10. Bd2 Qc7 11. Re1 Bd6 12. Qe2 Nd4 13. Qd1 Nxf3+ 14. Qxf3 Rad8 15. Ne2 Be5 16. Bf4 d5 17. Bxe5 Qxe5 18. Nc3 dxe4 19. Qe3 Qd6 20. Rad1 Nd5 21. Bxd5 exd5 22. Qe2 d4 23. Nxe4 Qd5 24. Qg4 Qc6 25. f3 f5 26. Qg3 fxe4 27. Rxe4 Qf6 28. Rg4 Rde8 29. Rg5 Re5 30. Qxe5 Qxe5 31. Rxe5 Rc8 32. Rde1 h6 33. Re8+ Rxe8 34. Rxe8+ Kf7 35. Rb8 Bc6 36. Rb6 Bd5 37. Rxa6 c4 38. dxc4 Bxc4 39. Rb6 g6 40. b3 Be2 41. Kf2 Bd1 42. Rxb5 Bxc2 43. a4 d3 44. Ke3 h5 45. a5 Kg7 46. a6 Kh6 47. a7 1-0

[Event "Pinneberg op Seniors 12th"]
[Site "Pinneberg"]
[Date "2011.06.30"]
[Round "4"]
[White "Schleu, Guenther"]
[Black "Ramm, Helga"]
[Result "1-0"]
[WhiteElo "1187"]
[BlackElo "900"]
[PlyCount "69"]
[EventDate "2011.06.16"]
[EventType "swiss"]
[EventRounds "7"]
[EventCountry "GER"]
[SourceTitle "EXT 2012"]
[Source "ChessBase"]
[SourceDate "2011.11.24"]
[SourceVersion "1"]
[SourceVersionDate "2011.11.24"]
[SourceQuality "1"]

1. d4 d5 2. Nf3 Nf6 3. Bf4 Nc6 4. Nbd2 Bf5 5. a3 e6 6. e3 Be7 7. Be2 Ng4 8. h3 Nf6 9. 0-0 Nh5 10. Bh2 Bd6 11. Ne5 g6 12. Bxh5 Qg5 13. Bg4 0-0-0 14. Nxf7 Bxh2+ 15. Kxh2 Qf6 16. Nxh8 Rxh8 17. Bxf5 gxf5 18. Nf3 Rg8 19. Qe2 Qg6 20. Rg1 Na5 21. b3 Nc6 22. Rad1 h5 23. g3 a5 24. Ne5 Qf6 25. Nxc6 bxc6 26. Qxh5 f4 27. exf4 Kd7 28. Qh7+ Rg7 29. Qh5 Qe7 30. Qe5 Rg6 31. Rde1 Qxa3 32. f5 Ke7 33. fxg6 Qb4 34. Qxe6+ Kf8 35. Qf7# 1-0

[Event "Hamburg-ch Seniors op 16th"]
[Site "Hamburg"]
[Date "2009.10.31"]
[Round "1"]
[White "Meinhardt, Alfred"]
[Black "Schleu, Guenther"]
[Result "1-0"]
[WhiteElo "1706"]
[BlackElo "1252"]
[PlyCount "53"]
[EventDate "2009.10.31"]
[EventType "swiss"]
[EventRounds "9"]
[EventCountry "GER"]
[SourceTitle "EXT 2022"]
[Source "ChessBase"]
[SourceDate "2021.10.06"]
[SourceVersion "1"]
[SourceVersionDate "2021.10.06"]
[SourceQuality "1"]

1. d4 d5 2. Nf3 Nf6 3. c4 c6 4. cxd5 cxd5 5. Nc3 a6 6. Bf4 e6 7. e3 Nbd7 8. Bd3 Be7 9. h3 h6 10. 0-0 0-0 11. Rc1 b5 12. Re1 Bb7 13. Bb1 Rc8 14. Ne5 Bd6 15. Nxf7 Rxf7 16. Bxd6 Nb6 17. Bc5 Nc4 18. b3 Nd6 19. Bg6 Rf8 20. Ne2 Nfe4 21. Bxe4 dxe4 22. Nf4 Qd7 23. Qg4 Rce8 24. Bb6 Bc6 25. Ng6 Rf6 26. Ne5 Qb7 27. Rxc6 1-0

[Event "Pinneberg op Seniors 10th"]
[Site "Pinneberg"]
[Date "2009.06.25"]
[Round "1"]
[White "Albers, Friedemann"]
[Black "Schleu, Guenther"]
[Result "1-0"]
[WhiteElo "1649"]
[BlackElo "1267"]
[PlyCount "57"]
[EventDate "2009.06.25"]
[EventType "swiss"]
[EventRounds "4"]
[EventCountry "GER"]
[SourceTitle "EXT 2011"]
[Source "ChessBase"]
[SourceDate "2010.11.26"]
[SourceVersion "1"]
[SourceVersionDate "2010.11.26"]
[SourceQuality "1"]

1. d4 d5 2. c4 c6 3. e3 Nf6 4. Nf3 Nbd7 5. Nc3 e6 6. Qc2 a6 7. c5 Be7 8. Bd3 Qc7 9. Bd2 e5 10. Nxe5 Nxe5 11. dxe5 Qxe5 12. Ne2 Be6 13. Bc3 Qg5 14. Bxf6 Bxf6 15. g3 g6 16. 0-0-0 0-0 17. Kb1 Rab8 18. f4 Qh6 19. e4 dxe4 20. Bxe4 Qg7 21. Nc3 Rfd8 22. Na4 Rxd1+ 23. Rxd1 Qf8 24. f5 gxf5 25. Bxf5 Bxf5 26. Qxf5 Qg7 27. Rf1 Be7 28. Rf4 Qg6 29. Rg4 1-0

[Event "Hamburg-ch Seniors op 15th"]
[Site "Hamburg"]
[Date "2008.11.04"]
[Round "9"]
[White "Berking, Bernhard"]
[Black "Schleu, Guenther"]
[Result "1-0"]
[WhiteElo "1521"]
[BlackElo "1255"]
[PlyCount "79"]
[EventDate "2008.10.27"]
[EventType "swiss"]
[EventRounds "9"]
[EventCountry "GER"]
[SourceTitle "EXT 2022"]
[Source "ChessBase"]
[SourceDate "2021.10.06"]
[SourceVersion "1"]
[SourceVersionDate "2021.10.06"]
[SourceQuality "1"]

1. c4 c5 2. Nc3 Nc6 3. Nf3 e6 4. d4 cxd4 5. Nxd4 Be7 6. g3 a6 7. Bg2 Nf6 8. 0-0 0-0 9. a3 Rb8 10. b4 b5 11. cxb5 Nxd4 12. Qxd4 axb5 13. Be3 d5 14. Bd2 Qd7 15. Qd3 Ba6 16. Rad1 Rfc8 17. Bf4 Bd6 18. Bg5 Be7 19. e4 Qd8 20. exd5 Nxd5 21. Bxe7 Qxe7 22. Nxd5 exd5 23. Qxd5 Rd8 24. Qb3 Bb7 25. Rfe1 Qc7 26. Bxb7 Qxb7 27. Rxd8+ Rxd8 28. Qe3 Qd7 29. f4 g6 30. Qe5 Qd3 31. Qe3 h5 32. Kf2 Kf8 33. Qxd3 Rxd3 34. Re3 Rxe3 35. Kxe3 Ke7 36. h3 f5 37. Kd3 Kd6 38. Kc3 Kc6 39. Kd4 Kd6 40. h4 1-0

[Event "Hamburg-ch Seniors op 15th"]
[Site "Hamburg"]
[Date "2008.11.03"]
[Round "8"]
[White "Schleu, Guenther"]
[Black "Ramm, Helga"]
[Result "1-0"]
[WhiteElo "1255"]
[BlackElo "910"]
[PlyCount "81"]
[EventDate "2008.10.27"]
[EventType "swiss"]
[EventRounds "9"]
[EventCountry "GER"]
[SourceTitle "EXT 2022"]
[Source "ChessBase"]
[SourceDate "2021.10.06"]
[SourceVersion "1"]
[SourceVersionDate "2021.10.06"]
[SourceQuality "1"]

1. d4 d5 2. Nf3 Nf6 3. Bf4 Bf5 4. h3 e6 5. Nbd2 Bd6 6. Ne5 Bxe5 7. dxe5 Nh5 8. Bh2 g6 9. Nf3 Be4 10. e3 0-0 11. Be2 Ng7 12. 0-0 Nc6 13. a3 a5 14. Qd2 Bxf3 15. Bxf3 Nxe5 16. Bxe5 f6 17. Bh2 c6 18. Rad1 Qe7 19. Rfe1 Rad8 20. Qxa5 Nf5 21. Qc3 Nh4 22. Be2 e5 23. Bg3 Nf5 24. Qb3 Nxg3 25. fxg3 e4 26. c4 Qe5 27. Kh2 h5 28. h4 Kg7 29. Qxb7+ Kh6 30. cxd5 g5 31. Rf1 gxh4 32. Rf4 hxg3+ 33. Kh3 Rg8 34. Qxc6 Rd6 35. Qb5 Rg4 36. Bxg4 hxg4+ 37. Kxg3 Qg5 38. Rh1+ Kg6 39. Qe8+ Kg7 40. Qh8+ Kg6 41. Qh7# 1-0

[Event "Hamburg-ch Seniors op 15th"]
[Site "Hamburg"]
[Date "2008.11.01"]
[Round "6"]
[White "Schleu, Guenther"]
[Black "Graffenberger, Marianne"]
[Result "1/2-1/2"]
[WhiteElo "1255"]
[BlackElo "1250"]
[PlyCount "73"]
[EventDate "2008.10.27"]
[EventType "swiss"]
[EventRounds "9"]
[EventCountry "GER"]
[SourceTitle "EXT 2022"]
[Source "ChessBase"]
[SourceDate "2021.10.06"]
[SourceVersion "1"]
[SourceVersionDate "2021.10.06"]
[SourceQuality "1"]

1. d4 d5 2. Nf3 Nf6 3. Bf4 Nbd7 4. Nbd2 g6 5. h3 Bg7 6. e3 0-0 7. Be2 b6 8. 0-0 Bb7 9. c4 c5 10. Rc1 e6 11. a3 a5 12. cxd5 Nxd5 13. Bg3 Ne7 14. Rc2 Nf5 15. Bh2 Re8 16. Qc1 e5 17. dxe5 Nxe5 18. Nxe5 Bxe5 19. Bxe5 Rxe5 20. Nf3 Re8 21. Rd2 Qf6 22. Rfd1 Rad8 23. Rxd8 Rxd8 24. Rxd8+ Qxd8 25. Qc3 Bxf3 26. Bxf3 Qc7 27. Be2 Qd6 28. Qb3 Qf6 29. Bc4 Kg7 30. a4 h5 31. Qc2 Nd6 32. Bd5 Nf5 33. b3 Ne7 34. Bc4 Qa1+ 35. Kh2 Qe5+ 36. Kg1 Qa1+ 37. Kh2 1/2-1/2

[Event "GER BFH-148 email"]
[Site "GER email"]
[Date "2008.10.17"]
[Round "?"]
[White "Schleu, Guenther"]
[Black "Heidrich, Walter"]
[Result "1-0"]
[WhiteElo "2045"]
[BlackElo "1756"]
[PlyCount "29"]
[EventDate "2008.??.??"]
[EventType "tourn (corr)"]
[EventRounds "6"]
[EventCountry "GER"]
[SourceTitle "Corr 2011"]
[Source "ChessBase"]
[SourceDate "2010.08.31"]
[SourceVersion "1"]
[SourceVersionDate "2010.08.31"]
[SourceQuality "1"]

1. d4 d5 2. c4 dxc4 3. Nf3 c6 4. e3 b5 5. a4 Nf6 6. axb5 cxb5 7. b3 a5 8. bxc4 bxc4 9. Bxc4 e6 10. 0-0 Bd7 11. Ne5 Bc8 12. Qf3 Ra7 13. Bb5+ Nbd7 14. Bd2 Bd6 15. e4 1-0

[Event "Pinneberg-ch"]
[Site "Pinneberg"]
[Date "2008.10.02"]
[Round "6"]
[White "Schleu, Guenther"]
[Black "Hitzker, Johann"]
[Result "0-1"]
[WhiteElo "1254"]
[BlackElo "1462"]
[PlyCount "66"]
[EventDate "2008.08.28"]
[EventType "swiss"]
[EventRounds "7"]
[EventCountry "GER"]
[SourceTitle "EXT 2011"]
[Source "ChessBase"]
[SourceDate "2010.11.26"]
[SourceVersion "1"]
[SourceVersionDate "2010.11.26"]
[SourceQuality "1"]

1. d4 Nf6 2. Nf3 d5 3. Bf4 Nc6 4. e3 Bg4 5. Nbd2 e6 6. Be2 Be7 7. h3 Bf5 8. a3 h6 9. c4 0-0 10. cxd5 Nxd5 11. Bh2 Bd6 12. Ne5 Nxe5 13. dxe5 Be7 14. 0-0 f6 15. e4 Bxh3 16. gxh3 Nb6 17. Bg4 f5 18. exf5 exf5 19. Qb3+ Kh8 20. Bxf5 Rxf5 21. Rad1 Qf8 22. Ne4 Rf3 23. Rd3 Rf5 24. e6 c6 25. Qc3 Nd5 26. Qd4 b6 27. Bg3 Rd8 28. Qc4 Rc8 29. Qc2 Nf4 30. Bxf4 Rxf4 31. Qe2 Qf5 32. Ng3 Qxh3 33. Rf3 Rh4 0-1

[Event "Pinneberg-ch"]
[Site "Pinneberg"]
[Date "2008.09.18"]
[Round "4"]
[White "Schleu, Guenther"]
[Black "Loesekamm, Heinrich"]
[Result "1-0"]
[WhiteElo "1254"]
[BlackElo "1194"]
[PlyCount "79"]
[EventDate "2008.08.28"]
[EventType "swiss"]
[EventRounds "7"]
[EventCountry "GER"]
[SourceTitle "EXT 2011"]
[Source "ChessBase"]
[SourceDate "2010.11.26"]
[SourceVersion "1"]
[SourceVersionDate "2010.11.26"]
[SourceQuality "1"]

1. d4 d5 2. Nf3 Nc6 3. Bf4 Bf5 4. a3 h6 5. h3 a6 6. Nbd2 Nf6 7. e3 e6 8. Be2 Be7 9. 0-0 0-0 10. Rc1 b5 11. b4 Nh5 12. Bh2 Bd6 13. Ne5 Bxe5 14. dxe5 f6 15. Bxh5 g6 16. Be2 fxe5 17. Nf3 e4 18. Nd4 Nxd4 19. Qxd4 Qg5 20. g4 h5 21. Kh1 hxg4 22. Rg1 Qh4 23. Bxg4 Bxg4 24. Rxg4 Qf6 25. Qxf6 Rxf6 26. Rg2 Kh7 27. Bxc7 Rf3 28. Bg3 Rc8 29. Kh2 Rc3 30. Be5 Rxa3 31. c3 Ra2 32. Rf1 Kh6 33. Bf4+ Kh5 34. Rg5+ Kh4 35. Rg4+ Kh5 36. Kg2 Re2 37. Rg5+ Kh4 38. Rxg6 Rxh3 39. Rh6+ Kg4 40. Rxh3 1-0

[Event "Pinneberg op Seniors 09th"]
[Site "Pinneberg"]
[Date "2008.07.10"]
[Round "4"]
[White "Schleu, Guenther"]
[Black "Ramm, Helga"]
[Result "1-0"]
[WhiteElo "1311"]
[BlackElo "920"]
[PlyCount "71"]
[EventDate "2008.06.19"]
[EventType "swiss"]
[EventRounds "5"]
[EventCountry "GER"]
[SourceTitle "EXT 2011"]
[Source "ChessBase"]
[SourceDate "2010.11.26"]
[SourceVersion "1"]
[SourceVersionDate "2010.11.26"]
[SourceQuality "1"]

1. d4 Nf6 2. Nf3 d5 3. Bf4 e6 4. Nbd2 Nh5 5. Be3 Bd6 6. g3 0-0 7. Bg2 Nc6 8. 0-0 Bd7 9. c3 Nf6 10. Qc2 Ng4 11. Ng5 g6 12. Nh3 Nxe3 13. fxe3 Qe7 14. e4 f5 15. e5 Bxe5 16. dxe5 Nxe5 17. Nf3 Ng4 18. Qd2 Qc5+ 19. Kh1 Ne3 20. Rf2 Nc4 21. Qc1 Qxf2 22. Nxf2 e5 23. b3 Nd6 24. Nxe5 Be6 25. Qd2 Ne4 26. Nxe4 dxe4 27. Rd1 Rad8 28. Qc2 c5 29. Rd2 Kg7 30. Qd1 Rxd2 31. Qxd2 h6 32. e3 g5 33. Bf1 g4 34. Bc4 Bc8 35. Qd6 Rf6 36. Qc7+ 1-0

[Event "Pinneberg op Seniors 09th"]
[Site "Pinneberg"]
[Date "2008.07.03"]
[Round "3"]
[White "Hitzker, Johann"]
[Black "Schleu, Guenther"]
[Result "1-0"]
[WhiteElo "1394"]
[BlackElo "1311"]
[PlyCount "57"]
[EventDate "2008.06.19"]
[EventType "swiss"]
[EventRounds "5"]
[EventCountry "GER"]
[SourceTitle "EXT 2011"]
[Source "ChessBase"]
[SourceDate "2010.11.26"]
[SourceVersion "1"]
[SourceVersionDate "2010.11.26"]
[SourceQuality "1"]

1. d4 d5 2. c4 c6 3. Nc3 Nf6 4. Bg5 Nbd7 5. e3 e6 6. Nf3 Be7 7. Be2 h6 8. Bh4 0-0 9. Qc2 dxc4 10. Bxc4 Nd5 11. Bg3 N7f6 12. h3 Nxc3 13. bxc3 a6 14. a4 Bd7 15. 0-0 Qc8 16. Nd2 b5 17. Bd3 c5 18. Ne4 c4 19. Nxf6+ Bxf6 20. Be4 Bc6 21. Bd6 Bxe4 22. Qxe4 Rd8 23. Bc5 Rd7 24. axb5 Qb7 25. Qxb7 Rxb7 26. Rxa6 Rxa6 27. bxa6 Rb8 28. a7 Ra8 29. Rb1 1-0